000 00701nam a2200205Ii 4500
003 JO-AjNU
008 230605s9999||||xx |||||||||||||| ||und||
017 _a2012/2/561
040 _aJO-AjNU
_bara
_erda
_cJO-AjNU
041 _aara
050 1 4 _aPN4775 2012
100 3 _aغنيم، فتحي محمد,
_eauthor
_950183
245 0 0 _aالمدخل إلى العمل الصحفي من الطباعة إلى النشر الإلتروني
264 3 1 _aعمان: دار القدس للنشر والتوزيع، 2012
300 _a182ص
336 _atext
_btxt
_2rdacontent
337 _aunmediated
_bn
_2rdamedia
338 _avolume
_bnc
_2rdacarrier
650 4 _aالصحف والصحافة
_950184
999 _aA22090
_c25658
_d25658